Normal view
MARC view
Entry Nome pessoal
001 - NÚMERO DE CONTROLE
- campo de controle: 453
003 - IDENTIFICADOR DO NÚMERO DE CONTROLE
- campo de controle: Br
005 - DATA E HORÁRIO DA ÚLTIMA TRANSAÇÃO
- campo de controle: 20250206083404.0
008 - CAMPO DE DADOS FIXOS
- campo de controle de tamanho fixo: 971111n| acnnnaab| aaaa
035 ## - NÚMERO DE CONTROLE DO SISTEMA
- Número de Controle do Sistema: 97111114401382E16
040 ## - FONTE DA CATALOGAÇÃO
- Instituição da catalogação original: Br
- Instituição que transcreveu o registro: Br
100 1# - CABEÇALHO--NOME PESSOAL
- Nome pessoal: Follett, Ken,
- Datas associadas ao nome: 1949-
400 1# - REMISSIVA VER--NOME PESSOAL
- Nome pessoal: Follett, Kenneth Martin
- Datas associadas ao nome: 1949-
400 1# - REMISSIVA VER--NOME PESSOAL
- Nome pessoal: Stone, Zachary
- Datas associadas ao nome: 1949-
400 1# - REMISSIVA VER--NOME PESSOAL
- Nome pessoal: Myles, Simon
- Datas associadas ao nome: 1949-
670 ## - FONTE POSITIVA DOS DADOS
- Citação da fonte positiva dos dados: Autor de: O buraco da agulha. [1980?]
670 ## - FONTE POSITIVA DOS DADOS
- Citação da fonte positiva dos dados: Liv. cat.
670 ## - FONTE POSITIVA DOS DADOS
- Citação da fonte positiva dos dados: LC on-line 11/11/97
- Dados encontrados na fonte localizada no subcampo: (d.n., n.c.; pseud.)
670 ## - FONTE POSITIVA DOS DADOS
- Citação da fonte positiva dos dados: http://pt.wikipedia.org/wiki/Ken_Follett
- Dados encontrados na fonte localizada no subcampo: (nasceu em 5 de junho de 1949 em Cardiff, País de Gales, é um escritor britânico, autor de thrillers e romances históricos)